| 000 | 00993nam a22002897a 4500 | ||
|---|---|---|---|
| 003 | dpl | ||
| 005 | 20180613144255.0 | ||
| 008 | 180613b xxu||||| |||| 00| 0 eng d | ||
| 010 | _aA-933530 | ||
| 020 |
_c295.00 _a8120312341 |
||
| 035 | _aA-933530, A-933549 | ||
| 037 | _bCen Lib/Ret | ||
| 040 |
_aDPL _bEN _c0 |
||
| 082 |
_a657.42 _bHOR |
||
| 100 |
_aHorngren, Charles T. _926057 |
||
| 245 |
_aCost accounting & managerial emphasis / _cby Charles T. Horngren, George Foster [and] Srikant M. Datar |
||
| 250 | _a9th ed. | ||
| 260 |
_aNew Delhi _bPrentice Hall of India _c1999 |
||
| 270 |
_bNew Delhi _e110001 _aM-97, Connaught circus |
||
| 300 |
_axxvii, 1012p. ; _c23cm(Hb) _bill. |
||
| 500 | _aIncludes bibliographical references, glossary, appendix and index | ||
| 650 |
_aManagerial accounting _9113640 |
||
| 650 |
_aCost accounting _9113641 |
||
| 700 |
_aFoster, George _926060 |
||
| 700 |
_aDatar, Srikant M. _926061 |
||
| 942 |
_2ddc _cEN _h657.42 _mHOR |
||
| 999 |
_c129333 _d129333 |
||